Catálogo

Simone Weil : (Registro nro. 7252)

Detalles MARC
000 -LEADER
fixed length control field 01442cam a2200385 i 4500
001 - CONTROL NUMBER
control field 7252
003 - CONTROL NUMBER IDENTIFIER
control field Mx-PuUPA
005 - DATE AND TIME OF LATEST TRANSACTION
control field 20250924105429.0
008 - FIXED-LENGTH DATA ELEMENTS--GENERAL INFORMATION
fixed length control field 140415s1995 sp gr 001 0dspa d
040 ## - CATALOGING SOURCE
Original cataloging agency Mx-PuUPA
Language of cataloging spa
Transcribing agency Mx-PuUPA
Modifying agency Mx-PuUPA
Description conventions rda
041 0# - LANGUAGE CODE
Language code of text/sound track or separate title spa
043 ## - GEOGRAPHIC AREA CODE
Geographic area code e-fr---
245 00 - TITLE STATEMENT
Title Simone Weil :
Remainder of title descifrar el silencio del mundo /
Statement of responsibility, etc. Carmen Revilla, Anna Berenguer, Wanda Tommasi, Chiara Zamboni, Maite Larrauri, Angela Putino, María Teresa Generó ; edición de Carmen Revilla
264 #1 - PRODUCTION, PUBLICATION, DISTRIBUTION, MANUFACTURE, AND COPYRIGHT NOTICE
Place of production, publication, distribution, manufacture Madrid, España :
Name of producer, publisher, distributor, manufacturer Editorial Trotta,
Date of production, publication, distribution, manufacture, or copyright notice ©1995
300 ## - PHYSICAL DESCRIPTION
Extent 134 páginas ;
Dimensions 23 cm
336 ## - CONTENT TYPE
Fuente rdacontent
Content type term texto
Content type code txt
337 ## - MEDIA TYPE
Source rdamedia
Media type term sin medio
Media type code n
338 ## - CARRIER TYPE
Source rdacarrier
Carrier type term volumen
Carrier type code nc
490 0# - SERIES STATEMENT
Series statement Colecicón Estructuras y Procesos
490 0# - SERIES STATEMENT
Series statement Filosofía
600 14 - SUBJECT ADDED ENTRY--PERSONAL NAME
Personal name Weil, Simone
Dates associated with a name 1909-1943
Form subdivision Biografía
650 #7 - SUBJECT ADDED ENTRY--TOPICAL TERM
Source of heading or term armarc
Topical term or geographic name entry element Literatura francesa
Chronological subdivision Siglo XX
General subdivision Historia y crítica
650 #7 - SUBJECT ADDED ENTRY--TOPICAL TERM
Source of heading or term armarc
Topical term or geographic name entry element Filosofía
Geographic subdivision Francia
Form subdivision Biografía
700 1# - ADDED ENTRY--PERSONAL NAME
Personal name Revillam Carmen
Relator term autor
-- editor
700 1# - ADDED ENTRY--PERSONAL NAME
Personal name Berenguer, Anna,
Relator term autor
700 1# - ADDED ENTRY--PERSONAL NAME
Personal name Tommasi, Wanda,
Relator term autor
700 1# - ADDED ENTRY--PERSONAL NAME
Personal name Zamboni, Chiara,
Relator term autor
700 1# - ADDED ENTRY--PERSONAL NAME
Personal name Larrauri, Maite,
Relator term autor
700 1# - ADDED ENTRY--PERSONAL NAME
Personal name Putino, Angela,
Relator term autor
700 1# - ADDED ENTRY--PERSONAL NAME
Personal name Generó, María Teresa,
Relator term autor
942 ## - ADDED ENTRY ELEMENTS (KOHA)
Source of classification or shelving scheme Dewey Decimal Classification
Koha item type Libro
Classification part 109.2
Item part S58
Existencias
Withdrawn status Lost status Source of classification or shelving scheme Damaged status Not for loan Collection code Home library Current library Shelving location Date acquired Source of acquisition Cost, normal purchase price Total Checkouts Full call number Barcode Date last seen Cost, replacement price Price effective from Koha item type
    Dewey Decimal Classification     General Biblioteca Karol Wojtyla Biblioteca Karol Wojtyla Sala general 03/12/2013 Compra 0.00   109.2 S58 1995 46472 05/01/2026 0.00 03/12/2013 Libro